[Event "Mittelfranken-chTB2a 1011"]
[Site "Germany"]
[Date "2011.04.03"]
[Round "8.8"]
[White "Sandfort, Rolf"]
[Black "Vinokur, Mykhaylo"]
[Result "1/2-1/2"]
[WhiteElo "1552"]
[BlackElo "1668"]
[PlyCount "56"]
[EventDate "2010.09.26"]
[EventType "team-tourn"]
[EventRounds "9"]
[EventCountry "GER"]
[SourceTitle "EXT 2012"]
[Source "ChessBase"]
[SourceDate "2011.11.24"]
[SourceVersion "1"]
[SourceVersionDate "2011.11.24"]
[SourceQuality "1"]
[WhiteTeam "Grossenseebach"]
[BlackTeam "Fuerth II"]
[WhiteTeamCountry "GER"]
[BlackTeamCountry "GER"]

1. c4 Nf6 2. Nc3 g6 3. g3 Bg7 4. Bg2 0-0 5. Nf3 c6 6. 0-0 e6 7. e3 d5 8. b3 Qa5 9. Qc2 Ne4 10. Bb2 Nxc3 11. Bxc3 Bxc3 12. dxc3 dxc4 13. bxc4 Nd7 14. Rab1 Qc5 15. Qb3 b6 16. Rfd1 Rd8 17. Rd2 Bb7 18. Rbd1 Qe7 19. Nd4 Nc5 20. Qb4 Qc7 21. Nb3 Nxb3 22. axb3 c5 23. Qa4 Bxg2 24. Kxg2 a5 25. Rd7 Rxd7 26. Rxd7 Qb8 27. Re7 Qd6 28. Rd7 Qb8 1/2-1/2